Trta subways in Tokyo

שמור ב:
מידע ביבליוגרפי
פורמט: ספר
שפה:Undetermined
יצא לאור: Japan 1980
נושאים:
תגים: הוספת תג
אין תגיות, היה/י הראשונ/ה לתייג את הרשומה!
Thư viện lưu trữ: Trung tâm Học liệu Trường Đại học Cần Thơ
LEADER 00358nam a2200145Ia 4500
001 CTU_98449
008 210402s9999 xx 000 0 und d
082 |a 338.4 
082 |b T864 
245 0 |a Trta subways in Tokyo 
260 |a Japan 
260 |c 1980 
650 |a Subways 
904 |i Tuyến 
980 |a Trung tâm Học liệu Trường Đại học Cần Thơ